Statistiken für Bilder nach Buchstabe - A #2

Klicken Sie hier um das Quiz zu spielen!

Allgemein

  • Dieses Quiz wurde 779 mal gespielt
  • Das Durchschnittsergebnis liegt bei 11 aus 16

Antwortstatistiken

Antwort% Korrekt
Allee
94%
Anonym
91%
Armee
90%
Ast
87%
Abstellkammer
84%
Apfelstrudel
84%
Akrobat
74%
Arizona
71%
Anakonda
70%
Atmung
70%
Aloe Vera
69%
Aufnahme
64%
Albatros
53%
Abakus
46%
Antike
37%
Anstieg
23%

Verteilung der Resultate

Perzentil nach korrekt beantworteten Fragen

Anzahl Personen mit jedem Resultat

Ihre Resultats-Entwicklung

Sie haben dieses Quiz noch nicht gespielt